000 00302nam a2200121Ia 4500
008 220204s9999 xx 000 0 und d
082 _a809.481.2:001.815
_bGOV
245 0 _aMalayalam index. 2 V
260 _aTrichur
_bKerala Sahitya Academy
700 _aGovi, K M
700 _aPanikar
942 _cBK
999 _c22809
_d22809